000 00303nam a22001337a 4500
008 170605b xxu||||| |||| 00| 0 eng d
020 _a9780312409005
041 _aeng
080 _23ED
_a94
100 _a18
101 _aSHH
245 _aREADIND THE AMERICAN PAST
_cJOHNSON.M.P
942 _2udc
_cBK
999 _c15991
_d15991